000 01067nam a2200241Ia 4500
003 Ost
005 20260507075005.0
008 260507s9999||||xx |||||||||||||| ||und||
020 _a9773790481
040 _cfsecg
041 _aara
082 _a380.1012
100 _aابراهيم، خالد ممدوح
_eمؤلف
245 0 _aالتحكيم الالكتروني في عقود التجارة الدولية /
_c خالد ممدوح ابراهيم
260 _aالاسكندرية:
_bدار الفكر الجامعي,
_c2008
300 _a521 صفحة؛
_c24 سم
520 _aيوجد في هذا الكتاب التحكيم عبر الانترنت، العقد الدولي الالكتروني، الاطار القانوني للتحكيم الالكتروني، توثيق حكم التحكيم الالكتروني، تنفيذ حكم التحكيم الالكتروني.
653 _aالتجارة الخارجية
653 _aالتحكيم
653 _aالتحكيم التجاري
653 _aالعقود
942 _cكتاب
999 _c42109
_d42109